000 00451nam a22001457a 4500
005 20260312192242.0
008 260312b |||||||| |||| 00| 0 eng d
020 _a9964878974
050 _aHQ755.8 ADE
100 _aStephen Adei
245 _aThe Challenge of Parenting:
_bPrinciples and Practice of Raising Children/
_cStephen and Georgina Adei
250 _a1st Ed.
260 _a1991
_bAfrica Christian Press
_cAchimota
942 _2lcc
_cBK
_e1st Ed.
_n0
999 _c9006
_d9006